Petícia proti Lisabonskej zmluve - reakcia
Strana svobodných občanů (ČR) iniciovala v máji 2009 petíciu proti ratifikácii Lisabonskej zmluvy, ktorú adresuje všetkým občanom Európskej únie. Výzva zverejnená na webovej stránke www.petice.eu predkladá argumenty, prečo je zmluva pre občanov EÚ nevýhodná a prečo by sa mala zamietnuť. Iniciátori t...
Saved in:
| Main Author: | |
|---|---|
| Format: | Book Chapter |
| Language: | Slovak |
| Subjects: | |
| Tags: |
No Tags, Be the first to tag this record!
|
MARC
| LEADER | 00000nla$a2200000$$$4500 | ||
|---|---|---|---|
| 001 | 0112252 | ||
| 005 | 20240711105506.9 | ||
| 041 | 0 | |a slo | |
| 044 | |a SK | ||
| 245 | 1 | 0 | |a Petícia proti Lisabonskej zmluve - reakcia |c Zuzana Silná |
| 520 | |a Strana svobodných občanů (ČR) iniciovala v máji 2009 petíciu proti ratifikácii Lisabonskej zmluvy, ktorú adresuje všetkým občanom Európskej únie. Výzva zverejnená na webovej stránke www.petice.eu predkladá argumenty, prečo je zmluva pre občanov EÚ nevýhodná a prečo by sa mala zamietnuť. Iniciátori tejto petície však podľa názoru autora článku v mnohých ohľadoch adresátov svojimi tvrdeniami zavádzajú. Tento príspevok si kladie za cieľ reagovať na niektoré z klamlivých tvrdení a predložiť vlastný pohľad autora článku na predmetné otázky riešené v Lisabonskej zmluve. | ||
| 610 | 2 | 0 | |a Európska únia |
| 610 | 2 | 0 | |a spolupráca hospodárska medzinárodná |
| 610 | 2 | 0 | |a zmluvy medzinárodné |
| 610 | 2 | 0 | |a ratifikácia |
| 610 | 2 | 0 | |a strany politické |
| 610 | 2 | 0 | |a Česko |
| 100 | 1 | |a Silná, Zuzana | |